000
00207 a2200097 4500
001
13887
100
_a
Greene G
245
_a
The Human Factor
260
_a
London
_b
The Bodley Head
_c
090
_c
10855
_d
10855
942
_a
NUST-CAE
_c
M
_c
953
999
_c
248960
_d
248960